00717nam a2200241 a 4500001001300000003000900013005001700022008004100039020000900080082001800089100002900107245002700136260004800163300000900211500003500220505001300255650001600268700002900284902000800313942000700321952013200328999001500460nice12345678IN_TiNIC20260116012817.0050524s1986 newa grp 000 0 eng  ac9500a954.0258bKIR aKirmani, Husain Ali Khan aHistory of Tipu Sultan aNew DelhibAsian Educational Servicesc1986 a186p aincludes index and biblioraphy2 aAppendix aTipu Sultan1 aKirmani, Husain Ali Khan bSRS cBK 001040708StackRoom-aHMIbHMId2009-10-13g95.00l5m6o954.0258 KIRp012534r2018-09-17s2018-01-29v95.00w2005-05-24yBK c8470d8470